<?xml version="1.0" encoding="UTF-8"?>
<record
    xmlns:xsi="http://www.w3.org/2001/XMLSchema-instance"
    xsi:schemaLocation="http://www.loc.gov/MARC21/slim http://www.loc.gov/standards/marcxml/schema/MARC21slim.xsd"
    xmlns="http://www.loc.gov/MARC21/slim">

  <leader>00762nam a22001937a 4500</leader>
  <controlfield tag="005">20250821164534.0</controlfield>
  <datafield tag="010" ind1=" " ind2=" ">
    <subfield code="a">HIN-129870</subfield>
  </datafield>
  <datafield tag="020" ind1=" " ind2=" ">
    <subfield code="c">200.00</subfield>
    <subfield code="a">9789363182127</subfield>
  </datafield>
  <datafield tag="035" ind1=" " ind2=" ">
    <subfield code="a">HN-102216</subfield>
  </datafield>
  <datafield tag="037" ind1=" " ind2=" ">
    <subfield code="b">DBAD</subfield>
  </datafield>
  <datafield tag="082" ind1=" " ind2=" ">
    <subfield code="a">954.0841</subfield>
  </datafield>
  <datafield tag="100" ind1=" " ind2=" ">
    <subfield code="a">&#x938;&#x93F;&#x902;&#x939;, &#x92D;&#x917;&#x924; </subfield>
    <subfield code="9">84228</subfield>
  </datafield>
  <datafield tag="245" ind1=" " ind2=" ">
    <subfield code="a">&#x92D;&#x917;&#x924; &#x938;&#x93F;&#x902;&#x939; &#x915;&#x940;  &#x91C;&#x947;&#x932; &#x921;&#x93E;&#x92F;&#x930;&#x940;/</subfield>
    <subfield code="c">&#x92D;&#x917;&#x924; &#x938;&#x93F;&#x902;&#x939; </subfield>
  </datafield>
  <datafield tag="250" ind1=" " ind2=" ">
    <subfield code="a">1 </subfield>
  </datafield>
  <datafield tag="260" ind1=" " ind2=" ">
    <subfield code="a">&#x928;&#x908; &#x926;&#x93F;&#x932;&#x94D;&#x932;&#x940; </subfield>
    <subfield code="b">&#x921;&#x93E;&#x92F;&#x92E;&#x902;&#x921; &#x92C;&#x941;&#x915;&#x94D;&#x938;</subfield>
    <subfield code="c">2024 </subfield>
  </datafield>
  <datafield tag="270" ind1=" " ind2=" ">
    <subfield code="a">&#x90F;&#x915;&#x94D;&#x938; -30 &#x913;&#x916;&#x932;&#x93E; &#x907;&#x902;&#x921;&#x938;&#x94D;&#x91F;&#x94D;&#x930;&#x93F;&#x92F;&#x932; &#x90F;&#x930;&#x93F;&#x92F;&#x93E; ,&#x92B;&#x947;&#x91C; 2 </subfield>
    <subfield code="b">&#x928;&#x908; &#x926;&#x93F;&#x932;&#x94D;&#x932;&#x940; </subfield>
    <subfield code="e">110020 </subfield>
  </datafield>
  <datafield tag="300" ind1=" " ind2=" ">
    <subfield code="a">208&#x92A;&#x943;.</subfield>
    <subfield code="c">21 &#x938;&#x947;&#x92E;&#x940; (&#x905;&#x91C;&#x93F;&#x932;&#x94D;&#x926; )</subfield>
  </datafield>
  <datafield tag="942" ind1=" " ind2=" ">
    <subfield code="2">ddc</subfield>
    <subfield code="c">HN</subfield>
    <subfield code="h">954.0841 </subfield>
    <subfield code="m">&#x938;&#x93F;&#x902;&#x939;&#x92D; </subfield>
  </datafield>
  <datafield tag="999" ind1=" " ind2=" ">
    <subfield code="c">212009</subfield>
    <subfield code="d">212009</subfield>
  </datafield>
  <datafield tag="952" ind1=" " ind2=" ">
    <subfield code="0">0</subfield>
    <subfield code="1">0</subfield>
    <subfield code="4">0</subfield>
    <subfield code="7">0</subfield>
    <subfield code="8">NFIC</subfield>
    <subfield code="a">AV</subfield>
    <subfield code="b">AV</subfield>
    <subfield code="d">2025-07-02</subfield>
    <subfield code="e">DBAD</subfield>
    <subfield code="g">200.00</subfield>
    <subfield code="l">0</subfield>
    <subfield code="o">954.0841  &#x938;&#x93F;&#x902;&#x939;&#x92D; </subfield>
    <subfield code="p">HN-102216</subfield>
    <subfield code="r">2025-07-02 00:00:00</subfield>
    <subfield code="v">200.00</subfield>
    <subfield code="w">2025-07-02</subfield>
    <subfield code="y">HN</subfield>
  </datafield>
</record>
